Martians don't take temperatures / (Record no. 7398)

MARC details
000 -LEADER
fixed length control field 01014nam a22003017a 4500
001 - CONTROL NUMBER
control field 7398
003 - CONTROL NUMBER IDENTIFIER
control field FISKH
005 - DATE AND TIME OF LATEST TRANSACTION
control field 20250711153841.0
008 - FIXED-LENGTH DATA ELEMENTS--GENERAL INFORMATION
fixed length control field 250711b cb ||||| |||| 00| 0 eng d
020 ## - INTERNATIONAL STANDARD BOOK NUMBER
International Standard Book Number 078073002993
040 ## - CATALOGING SOURCE
Original cataloging agency FISKH
Language of cataloging eng
Transcribing agency FISKH
Modifying agency FISKH
050 ## - LIBRARY OF CONGRESS CALL NUMBER
Classification number PZ7.D128 M
082 ## - DEWEY DECIMAL CLASSIFICATION NUMBER
Classification number 121
100 ## - MAIN ENTRY--PERSONAL NAME
Personal name Dadey, Debbie
245 ## - TITLE STATEMENT
Title Martians don't take temperatures /
Statement of responsibility, etc. by Debbie Dadey and Marcia Thornton Jones
250 ## - EDITION STATEMENT
Edition statement First Scholastic printing, January 1996
260 ## - PUBLICATION, DISTRIBUTION, ETC.
Place of publication, distribution, etc. New York :
Name of publisher, distributor, etc. Scholastic ,
Date of publication, distribution, etc. 1996.
300 ## - PHYSICAL DESCRIPTION
Extent 67 pages :
Other physical details illustrations ;
Dimensions 20 cm .
490 ## - SERIES STATEMENT
Series statement The Adventures of the Bailey School Kids
Volume/sequential designation 18
505 ## - FORMATTED CONTENTS NOTE
Formatted contents note G <br/>
520 ## - SUMMARY, ETC.
Summary, etc. There are some pretty weird grown-ups living in Bailey City. The kids think the new school nurse is a Martian.<br/>
521 8# - TARGET AUDIENCE NOTE
Target audience note 380 <br/>
Source Lexile estimate <br/>
521 8# - TARGET AUDIENCE NOTE
Target audience note G <br/>
Source Raz-Plus <br/>
650 ## - SUBJECT ADDED ENTRY--TOPICAL TERM
Topical term or geographic name entry element Bailey School Kids
Form subdivision Juvenile Ficition
700 ## - ADDED ENTRY--PERSONAL NAME
Personal name Gurney, John Steven
Relator term Illustrator
942 ## - ADDED ENTRY ELEMENTS (KOHA)
Source of classification or shelving scheme Dewey Decimal Classification
Koha item type Books
Suppress in OPAC No
Holdings
Withdrawn status Lost status Source of classification or shelving scheme Damaged status Not for loan Collection Home library Current library Shelving location Date acquired Total Checkouts Full call number Barcode Date last seen Price effective from Koha item type
    Dewey Decimal Classification     Juvenile Fiction Footprints International School Library Network Toul Tom Poung Campus Footprints International School Library Network Toul Tom Poung Campus TTP Primary Dark Blue Bookshelves 07/11/2025   DAD 121 PZ7.D128 M 2025-1834 07/11/2025 07/11/2025 Books